000 00668nmm a2200241 a 4500
003 AR-BaBNM
005 20251128211744.0
008 076020s2002 ||||||||||||||000 | spa||
040 _cAR-BaBNM
100 1 _aAlvarado Oyarce, Otoniel
245 1 0 _aPolĂ­tica educativa
_bconceptos, reflexiones y propuestas
260 _aTrujillo
_bEditorial Vallejiana
_c2002
300 0 _a218 p.
650 4 _aPOLITICA EDUCATIVA
650 4 _aUNIVERSIDADES
653 0 _aGESTION EDUCATIVA
653 0 _aEDUCACION PUBLICA
653 0 _aEDUCACION PRIVADA
653 0 _aFINANCIAMIENTO EDUCATIVO
653 0 _aSUPERVISION DE ESCUELAS
942 _cBK
998 _cme-solo cat
999 _c20965
_d20965